Newell and others v SoS Environment and another; Fletcher Estates (Harlescott) Ltd v SoS Environment and another (Record no. 62986)
[ view plain ]
| 000 -LEADER | |
|---|---|
| fixed length control field | 01683cam a2200205 4500 |
| 001 - CONTROL NUMBER | |
| control field | X105015 |
| 008 - FIXED-LENGTH DATA ELEMENTS--GENERAL INFORMATION | |
| fixed length control field | 000000n2000 000 0 eng u |
| 035 ## - SYSTEM CONTROL NUMBER | |
| System control number | (Sirsi) u105015 |
| 245 ## - TITLE STATEMENT | |
| Title | Newell and others v SoS Environment and another; Fletcher Estates (Harlescott) Ltd v SoS Environment and another |
| 260 ## - PUBLICATION, DISTRIBUTION, ETC. | |
| Date of publication, distribution, etc. | 2000 |
| 490 ## - SERIES STATEMENT | |
| Series statement | Estates Gazette |
| Volume/sequential designation | [2000] 11 EG 141-147(7) |
| 520 ## - SUMMARY, ETC. | |
| Summary, etc. | HL 17 February 2000. On 30 January 1986 notices were published and served to make a compulsory purchase order by the SoS Transport to acquire land belonging to the appellant landowners (N and F) for a bypass, these were notices for the purposes of Land Compensation Act 1961 s22(2)(a) to enter on the affected land was 5 July 1990. In 1992 N and Fapplied for certificates of appropriate alternative development. Certificates for residential and industrial development were issued by the planning authority in 1993. The SoS Environment allowed appeals by the SoS Transport and substituted nil certificates stating that if the land were not proposed to be acquired by an authority possessing compulsory purchase powers, planning permission would have been granted for the road scheme for which the land was being acquired but that it would not have been granted for any other development. On application by N and F the certificates were quashed. CA allowed appeals by the defendant. Appeals dismissed. |
| 650 ## - SUBJECT ADDED ENTRY--TOPICAL TERM | |
| Topical term or geographic name entry element | NEWELL AND OTHERS V SoS ENVIRONMENT AND ANOTHER |
| 650 ## - SUBJECT ADDED ENTRY--TOPICAL TERM | |
| Topical term or geographic name entry element | FLETCHER ESTATES (HARLESCOTT) LTD V SOS ENVIRONMENT |
| 650 ## - SUBJECT ADDED ENTRY--TOPICAL TERM | |
| Topical term or geographic name entry element | LAND COMPENSATION ACT 1961 |
| 650 ## - SUBJECT ADDED ENTRY--TOPICAL TERM | |
| Topical term or geographic name entry element | PLANNING PERMISSION |
| 650 ## - SUBJECT ADDED ENTRY--TOPICAL TERM | |
| Topical term or geographic name entry element | REFUSAL |
| 650 ## - SUBJECT ADDED ENTRY--TOPICAL TERM | |
| Topical term or geographic name entry element | RESIDENTIAL DEVELOPMENT |
| 942 ## - ADDED ENTRY ELEMENTS (KOHA) | |
| Suppress in OPAC | 0 |
| Withdrawn status | Lost status | Source of classification or shelving scheme | Damaged status | Not for loan | Home library | Current library | Shelving location | Date acquired | Total Checkouts | Full call number | Barcode | Date last seen | Copy number | Price effective from | Koha item type |
|---|---|---|---|---|---|---|---|---|---|---|---|---|---|---|---|
| Dewey Decimal Classification | London | London | Journal article | 18/03/2003 | X105015 | 105015-1001 | 06/08/2019 | 1 | 06/08/2019 | Law report |